000 nam a22 7a 4500
999 _c9979
_d9979
008 180209b ||||| |||| 00| 0 eng d
100 _aBaxter, N
_96018
245 _aThe Princess and the pea
260 _aLondon
_bLadybird Publication
_c1993